[Event "MPJBiS 2020"]
[Site "?"]
[Date "2020.08.28"]
[Round "3.2"]
[White "Sliz, Karol"]
[Black "Seemann, Jakub"]
[Result "0-1"]
[BlackElo "1687"]
[WhiteElo "1372"]
[LiveChessVersion "1.4.8"]

1. e4 {[%clk 0:15:19]} c5 {[%clk 0:15:17]} 2. Nf3 {[%clk 0:15:19]} d6
{[%clk 0:15:26]} 3. d4 {[%clk 0:15:17]} cxd4 {[%clk 0:15:33]} 4. Nxd4
{[%clk 0:15:24]} Nf6 {[%clk 0:15:42]} 5. Nc3 {[%clk 0:15:21]} a6 {[%clk 0:15:51]}
6. f3 {[%clk 0:15:24]} e5 {[%clk 0:15:59]} 7. Nb3 {[%clk 0:15:09]} Be7
{[%clk 0:16:00]} 8. Be3 {[%clk 0:14:47]} O-O {[%clk 0:16:07]} 9. Qd2
{[%clk 0:14:50]} Be6 {[%clk 0:16:15]} 10. O-O-O {[%clk 0:14:16]} a5
{[%clk 0:16:24]} 11. Kb1 {[%clk 0:14:16]} a4 {[%clk 0:16:32]} 12. Nc1
{[%clk 0:14:23]} Ra5 {[%clk 0:16:38]} 13. g4 {[%clk 0:14:07]} d5 {[%clk 0:16:45]}
14. g5 Nxe4 {[%clk 0:14:37]} 15. Nxe4 {[%clk 0:06:46]} dxe4 {[%clk 0:14:34]} 16.
Qxd8 {[%clk 0:06:12]} Rxd8 {[%clk 0:14:13]} 17. Rxd8+ {[%clk 0:06:13]} Bxd8
{[%clk 0:14:22]} 18. fxe4 {[%clk 0:06:15]} Nd7 {[%clk 0:13:37]} 19. Nd3
{[%clk 0:06:06]} Be7 {[%clk 0:12:33]} 20. Bd2 {[%clk 0:05:23]} Ra8
{[%clk 0:12:26]} 21. Be3 {[%clk 0:05:19]} Rc8 {[%clk 0:12:07]} 22. Be2
{[%clk 0:05:02]} Kf8 {[%clk 0:11:51]} 23. Rd1 {[%clk 0:04:55]} Ke8
{[%clk 0:10:44]} 24. Nf2 {[%clk 0:04:41]} Bc5 {[%clk 0:09:54]} 25. Bxc5
{[%clk 0:04:34]} Nxc5 {[%clk 0:09:56]} 26. Bb5+ {[%clk 0:03:16]} Ke7
{[%clk 0:10:04]} 27. Nd3 {[%clk 0:03:01]} Nxe4 {[%clk 0:10:03]} 28. Nxe5
{[%clk 0:02:53]} Rc5 {[%clk 0:10:08]} 29. Bxa4 {[%clk 0:00:51]} Rxe5
{[%clk 0:10:15]} 30. h4 {[%clk 0:00:57]} b5 {[%clk 0:10:13]} 31. Bb3
{[%clk 0:01:00]} Nd2+ {[%clk 0:10:20]} 32. Kc1 {[%clk 0:01:05]} Nxb3+
{[%clk 0:10:28]} 33. axb3 {[%clk 0:01:13]} Re4 {[%clk 0:10:36]} 34. Rh1
{[%clk 0:01:14]} Bf5 {[%clk 0:10:45]} 35. Rf1 {[%clk 0:01:17]} Bg6
{[%clk 0:10:52]} 36. Rh1 {[%clk 0:01:18]} Re2 {[%clk 0:11:00]} 37. h5
{[%clk 0:01:18]} Rxc2+ {[%clk 0:11:07]} 38. Kd1 {[%clk 0:01:26]} Rxb2
{[%clk 0:11:13]} 39. Re1+ {[%clk 0:01:33]} Kd6 {[%clk 0:11:14]} 40. hxg6
{[%clk 0:01:41]} Rb1+ {[%clk 0:11:21]} 41. Kd2 {[%clk 0:01:46]} Rxe1
{[%clk 0:11:30]} 42. Kxe1 {[%clk 0:01:43]} hxg6 {[%clk 0:11:38]} 43. Ke2
{[%clk 0:01:48]} f6 {[%clk 0:11:43]} 44. Kf3 {[%clk 0:01:53]} fxg5
{[%clk 0:11:47]} 45. Kg4 {[%clk 0:02:03]} Kc5 {[%clk 0:11:56]} 46. Kxg5
{[%clk 0:02:11]} Kb4 {[%clk 0:12:06]} 47. Kxg6 {[%clk 0:02:20]} Kxb3
{[%clk 0:12:15]} 48. Kxg7 {[%clk 0:02:28]} Kc4 {[%clk 0:12:24]} 49. Kf6
{[%clk 0:02:36]} b4 {[%clk 0:12:33]} 50. Ke5 {[%clk 0:02:45]} b3 {[%clk 0:12:43]}
51. Ke4 {[%clk 0:02:54]} b2 {[%clk 0:12:52]} 52. Ke3 {[%clk 0:03:03]} b1=Q 0-1

[Event "MPJBiS 2020"]
[Site "?"]
[Date "2020.08.28"]
[Round "3.3"]
[White "Przybylski, Jan"]
[Black "Zielonka, Adam"]
[Result "1/2-1/2"]
[BlackElo "1609"]
[WhiteElo "1369"]
[LiveChessVersion "1.4.8"]

1. e4 {[%clk 0:15:17]} c5 {[%clk 0:15:16]} 2. Nf3 {[%clk 0:15:23]} e6
{[%clk 0:15:25]} 3. d4 {[%clk 0:15:30]} cxd4 {[%clk 0:15:33]} 4. Nxd4
{[%clk 0:15:37]} Nc6 {[%clk 0:15:42]} 5. Nxc6 {[%clk 0:15:25]} bxc6
{[%clk 0:15:50]} 6. Bd3 {[%clk 0:15:33]} Nf6 {[%clk 0:15:35]} 7. Nd2
{[%clk 0:15:24]} d5 {[%clk 0:15:00]} 8. O-O {[%clk 0:15:00]} Be7 {[%clk 0:14:41]}
9. b3 {[%clk 0:14:05]} O-O {[%clk 0:11:53]} 10. Bb2 {[%clk 0:13:55]} d4
{[%clk 0:09:32]} 11. Nc4 {[%clk 0:13:04]} c5 {[%clk 0:09:24]} 12. Qe2
{[%clk 0:11:43]} Bb7 {[%clk 0:08:53]} 13. Rad1 {[%clk 0:11:01]} Nd7
{[%clk 0:08:19]} 14. e5 {[%clk 0:10:16]} Nb6 {[%clk 0:08:12]} 15. Na5
{[%clk 0:09:28]} Bd5 {[%clk 0:07:40]} 16. c4 {[%clk 0:08:47]} dxc3
{[%clk 0:07:16]} 17. Bxc3 {[%clk 0:08:51]} Qc7 {[%clk 0:07:12]} 18. Nc4
{[%clk 0:08:34]} Nxc4 {[%clk 0:07:05]} 19. Bxc4 {[%clk 0:08:31]} Qb7
{[%clk 0:06:57]} 20. f3 {[%clk 0:08:17]} Rfd8 {[%clk 0:05:47]} 21. Ba5
{[%clk 0:07:24]} Bxc4 {[%clk 0:05:52]} 22. Qxc4 {[%clk 0:07:16]} Rd5
{[%clk 0:05:58]} 23. f4 {[%clk 0:05:26]} Bd8 {[%clk 0:05:26]} 24. Bc3
{[%clk 0:04:55]} Bb6 {[%clk 0:05:23]} 25. Rd2 {[%clk 0:03:09]} Rad8
{[%clk 0:05:03]} 26. Rfd1 {[%clk 0:03:06]} Rxd2 {[%clk 0:04:21]} 27. Rxd2
{[%clk 0:03:11]} Rxd2 {[%clk 0:04:29]} 28. Bxd2 {[%clk 0:03:18]} Qd5
{[%clk 0:04:26]} 29. Qxd5 {[%clk 0:03:09]} exd5 {[%clk 0:04:34]} 30. Kf1
{[%clk 0:03:13]} Kf8 {[%clk 0:04:38]} 31. Ke2 {[%clk 0:03:21]} Ke7
{[%clk 0:04:46]} 32. Kd3 {[%clk 0:03:24]} Ke6 {[%clk 0:04:48]} 33. g4
{[%clk 0:03:20]} g6 {[%clk 0:04:54]} 34. Bc3 {[%clk 0:02:31]} h5 {[%clk 0:04:13]}
35. h3 {[%clk 0:02:24]} hxg4 {[%clk 0:04:17]} 36. hxg4 {[%clk 0:02:32]} d4
{[%clk 0:04:12]} 37. Be1 {[%clk 0:02:19]} Kd5 {[%clk 0:04:19]} 38. Bg3
{[%clk 0:01:25]} Bc7 {[%clk 0:04:20]} 39. Bh4 {[%clk 0:01:16]} a6
{[%clk 0:03:37]} 40. a3 {[%clk 0:00:50]} Ba5 {[%clk 0:03:03]} 41. Bg3
{[%clk 0:00:29]} Bc7 {[%clk 0:02:33]} 42. Bh4 {[%clk 0:00:27]} a5
{[%clk 0:01:38]} 43. a4 {[%clk 0:00:33]} Bb6 {[%clk 0:01:31]} 44. Bf6
{[%clk 0:00:23]} Bc7 {[%clk 0:01:33]} 45. Bg5 {[%clk 0:00:22]} Bb6
{[%clk 0:01:36]} 46. Bf6 {[%clk 0:00:30]} Kxe5 47. Ke4+ 1/2-1/2

[Event "MPJBiS 2020"]
[Site "?"]
[Date "2020.08.28"]
[Round "3.4"]
[White "Grot, Blazej"]
[Black "Bartoszczuk, Adam"]
[Result "1-0"]
[BlackElo "1358"]
[WhiteElo "1601"]
[LiveChessVersion "1.4.8"]

1. e4 {[%clk 0:15:17]} c5 {[%clk 0:15:19]} 2. Nf3 {[%clk 0:15:25]} e6
{[%clk 0:15:22]} 3. d4 {[%clk 0:15:34]} cxd4 {[%clk 0:15:30]} 4. Nxd4
{[%clk 0:15:41]} a6 {[%clk 0:15:35]} 5. Bd3 {[%clk 0:15:45]} Nf6 {[%clk 0:15:40]}
6. O-O {[%clk 0:15:44]} d6 {[%clk 0:15:41]} 7. c4 {[%clk 0:15:51]} Be7
{[%clk 0:15:44]} 8. Nc3 {[%clk 0:15:59]} O-O {[%clk 0:15:49]} 9. Be3
{[%clk 0:15:56]} Nbd7 {[%clk 0:15:57]} 10. f4 {[%clk 0:16:03]} Qc7
{[%clk 0:15:08]} 11. b4 {[%clk 0:16:07]} b5 {[%clk 0:15:01]} 12. cxb5
{[%clk 0:15:46]} Qxc3 {[%clk 0:14:31]} 13. Rc1 {[%clk 0:15:55]} Qa3
{[%clk 0:13:30]} 14. Nc6 {[%clk 0:15:47]} Bd8 {[%clk 0:13:02]} 15. e5
{[%clk 0:15:25]} Nd5 {[%clk 0:12:01]} 16. Bd4 {[%clk 0:15:23]} Bb6
{[%clk 0:11:44]} 17. Bxb6 {[%clk 0:15:14]} N7xb6 {[%clk 0:11:52]} 18. exd6
{[%clk 0:15:06]} Ne3 {[%clk 0:11:17]} 19. Bxh7+ {[%clk 0:15:11]} Kh8
{[%clk 0:10:27]} 20. Qh5 {[%clk 0:15:16]} g6 {[%clk 0:10:29]} 21. Bxg6+
{[%clk 0:15:20]} Kg7 {[%clk 0:10:38]} 22. Qh7+ {[%clk 0:14:58]} Kf6
{[%clk 0:10:45]} 23. Qh4+ {[%clk 0:14:16]} Kxg6 {[%clk 0:10:26]} 24. Ne7+
{[%clk 0:14:17]} Kg7 {[%clk 0:10:28]} 25. Qg5+ {[%clk 0:14:17]} Kh7
{[%clk 0:10:27]} 26. Qh5+ {[%clk 0:14:04]} Kg7 {[%clk 0:10:33]} 27. Rc5
{[%clk 0:13:40]} Nbd5 {[%clk 0:09:43]} 28. Rf3 {[%clk 0:13:22]} e5
{[%clk 0:06:02]} 29. Rg3+ {[%clk 0:13:20]} Bg4 {[%clk 0:06:10]} 30. Nf5+
{[%clk 0:12:28]} Kf6 {[%clk 0:05:03]} 31. Qg5+ {[%clk 0:12:17]} Ke6
{[%clk 0:05:09]} 32. Nxe3 {[%clk 0:12:32]} exf4 {[%clk 0:03:58]} 33. Qxg4+
{[%clk 0:12:06]} f5 {[%clk 0:04:06]} 34. Nxd5 {[%clk 0:11:05]} fxg3
{[%clk 0:03:41]} 35. Qg6+ {[%clk 0:11:01]} Ke5 {[%clk 0:03:09]} 36. Nc3+
{[%clk 0:10:40]} Kd4 {[%clk 0:02:31]} 37. Qg7+ {[%clk 0:10:47]} Kd3
{[%clk 0:02:29]} 38. Qxg3+ {[%clk 0:10:55]} Kd4 {[%clk 0:01:49]} 39. Ne2+
{[%clk 0:10:53]} Ke4 {[%clk 0:01:47]} 40. Re5# {[%clk 0:11:02]} 1-0

[Event "MPJBiS 2020"]
[Site "?"]
[Date "2020.08.28"]
[Round "3.5"]
[White "Karp, Kacper"]
[Black "Sniadecki, Oskar"]
[Result "1/2-1/2"]
[BlackElo "1569"]
[WhiteElo "1364"]
[LiveChessVersion "1.4.8"]

1. e4 e6 2. d4 b6 3. Nc3 Bb7 4. f4 Bb4 5. Bd3 Nf6 6. Qe2 O-O 7. Nf3 c5 8. O-O
cxd4 9. Nxd4 Nc6 10. Be3 Rc8 11. g4 d6 12. g5 Nxd4 13. Bxd4 Nd7 14. Rad1 e5 15.
Be3 Bxc3 16. bxc3 Nc5 17. fxe5 Nxd3 18. Rxd3 Ba6 19. exd6 Rxc3 20. Rfd1 Re8 21.
Bf4 Qd7 22. e5 Rd8 23. Qf3 Rxd3 24. Rxd3 Bxd3 25. Qxd3 Qg4+ 26. Bg3 Qxg5 27. Qc4
Qf5 28. Qc7 Qd7 29. Qc4 g5 30. Qd5 Qe6 31. Qd2 h6 32. Qd1 f6 33. exf6 Qxf6 34.
Qd5+ Qf7 35. Qe5 Rf8 36. Qb5 Rd8 37. Qe5 Qg7 38. Qe6+ Kh7 39. Qe4+ Kg8 40. Qe6+
1/2-1/2

[Event "MPJBiS 2020"]
[Site "?"]
[Date "2020.08.28"]
[Round "3.6"]
[White "Bartodziej, Bartosz"]
[Black "Maj, Samuel"]
[Result "1-0"]
[BlackElo "1347"]
[WhiteElo "1563"]
[LiveChessVersion "1.4.8"]

1. e4 {[%clk 0:15:16]} c5 {[%clk 0:15:18]} 2. Nf3 {[%clk 0:15:30]} e6 3. d4 cxd4
{[%clk 0:15:35]} 4. Nxd4 {[%clk 0:15:37]} Nc6 {[%clk 0:15:43]} 5. Nc3
{[%clk 0:15:10]} Nf6 {[%clk 0:15:43]} 6. Ndb5 {[%clk 0:15:10]} Bb4
{[%clk 0:15:50]} 7. a3 {[%clk 0:15:18]} Bxc3+ {[%clk 0:15:58]} 8. Nxc3
{[%clk 0:15:25]} d5 {[%clk 0:16:06]} 9. exd5 {[%clk 0:15:25]} exd5
{[%clk 0:16:14]} 10. Bd3 {[%clk 0:15:30]} O-O {[%clk 0:16:14]} 11. O-O
{[%clk 0:15:37]} d4 {[%clk 0:16:20]} 12. Ne2 {[%clk 0:15:45]} Bg4
{[%clk 0:16:19]} 13. h3 {[%clk 0:15:18]} Bh5 {[%clk 0:16:09]} 14. Bg5
{[%clk 0:14:29]} Re8 {[%clk 0:14:55]} 15. Re1 {[%clk 0:12:47]} Qd6
{[%clk 0:13:30]} 16. Bxf6 {[%clk 0:11:35]} Qxf6 {[%clk 0:13:20]} 17. Qd2
{[%clk 0:11:36]} Bg6 {[%clk 0:11:51]} 18. Bxg6 {[%clk 0:10:29]} Qxg6
{[%clk 0:11:18]} 19. Nxd4 {[%clk 0:08:52]} Nxd4 {[%clk 0:09:50]} 20. Qxd4
{[%clk 0:08:58]} Qxc2 {[%clk 0:09:11]} 21. Qd7 {[%clk 0:08:09]} Red8
{[%clk 0:07:19]} 22. Qxb7 {[%clk 0:07:04]} Rdb8 {[%clk 0:07:17]} 23. Qe7
{[%clk 0:06:13]} Qxb2 {[%clk 0:06:43]} 24. Rad1 {[%clk 0:06:05]} Qb6
{[%clk 0:05:00]} 25. Rd7 {[%clk 0:05:45]} Rf8 {[%clk 0:04:39]} 26. Rb7
{[%clk 0:05:14]} Qc6 {[%clk 0:03:52]} 27. Rxa7 {[%clk 0:03:34]} Rae8
{[%clk 0:03:44]} 28. Qb4 {[%clk 0:03:42]} Rxe1+ {[%clk 0:03:34]} 29. Qxe1
{[%clk 0:03:51]} Re8 {[%clk 0:03:41]} 30. Qd2 {[%clk 0:02:07]} Qf6
{[%clk 0:02:51]} 31. a4 {[%clk 0:01:39]} Rd8 {[%clk 0:02:02]} 32. Rd7
{[%clk 0:01:03]} Ra8 {[%clk 0:01:42]} 33. a5 {[%clk 0:00:58]} g6 {[%clk 0:01:15]}
34. Rd5 {[%clk 0:00:40]} Kg7 {[%clk 0:01:08]} 35. Kh2 {[%clk 0:00:28]} Qa1
{[%clk 0:00:59]} 36. Rc5 {[%clk 0:00:16]} Qf6 {[%clk 0:00:57]} 37. Qe3
{[%clk 0:00:15]} Kg8 {[%clk 0:00:30]} 38. Re5 {[%clk 0:00:17]} Kg7
{[%clk 0:00:36]} 39. Qc5 {[%clk 0:00:13]} Qf4+ {[%clk 0:00:33]} 40. Kg1
{[%clk 0:00:20]} Rd8 {[%clk 0:00:29]} 41. Re1 {[%clk 0:00:22]} Qf6
{[%clk 0:00:27]} 42. Qe5 {[%clk 0:00:20]} Ra8 {[%clk 0:00:27]} 43. Qxf6+
{[%clk 0:00:26]} Kxf6 {[%clk 0:00:36]} 44. Ra1 {[%clk 0:00:35]} Ra6
{[%clk 0:00:43]} 45. h4 {[%clk 0:00:30]} h5 {[%clk 0:00:48]} 46. g3
{[%clk 0:00:35]} Kf5 {[%clk 0:00:53]} 47. Kg2 {[%clk 0:00:40]} Ke5
{[%clk 0:00:35]} 48. Kf3 {[%clk 0:00:46]} Rf6+ {[%clk 0:00:36]} 49. Ke3
{[%clk 0:00:52]} Ra6 {[%clk 0:00:45]} 50. Ra4 {[%clk 0:00:56]} f5
{[%clk 0:00:39]} 51. Kf3 {[%clk 0:00:33]} f4 {[%clk 0:00:33]} 52. gxf4+
{[%clk 0:00:30]} Kf5 {[%clk 0:00:42]} 53. Kg3 {[%clk 0:00:18]} Kf6
{[%clk 0:00:44]} 54. Kf3 {[%clk 0:00:15]} Kf5 {[%clk 0:00:46]} 1-0

[Event "MPJBiS 2020"]
[Site "?"]
[Date "2020.08.28"]
[Round "3.7"]
[White "Lonski, Aleksander"]
[Black "Raczek, Krzysztof"]
[Result "0-1"]
[BlackElo "1559"]
[WhiteElo "1352"]
[LiveChessVersion "1.4.8"]

1. e4 c6 2. d4 d5 3. exd5 cxd5 4. Nf3 Nc6 5. Bb5 Bg4 6. O-O e6 7. Be3 Bd6 8. h3
Bxf3 9. Qxf3 a6 10. Bxc6+ bxc6 11. Nd2 Qf6 12. Rfc1 Rb8 13. Rab1 Qxf3 14. Nxf3
Nf6 15. c4 Kd7 16. b3 Ne4 17. Ng5 Nxg5 18. Bxg5 h6 19. Be3 Ba3 20. Rc2 a5 21. Bc1
Bxc1 22. Rbxc1 Rhc8 23. cxd5 exd5 24. Re1 Re8 25. Rce2 Rxe2 26. Rxe2 Rb4 27. Rd2
a4 28. bxa4 Rxa4 29. Kf1 Ra3 30. Ke2 Kd6 31. Kd1 f6 32. Kc1 c5 33. dxc5+ Kxc5 34.
Kb2 Ra7 35. Kb3 Rb7+ 36. Kc3 Ra7 37. Kb3 d4 38. a4 Rb7+ 39. Kc2 Kc4 40. Kd1 d3
41. Ra2 Rb1+ 42. Kd2 Kb3 0-1

[Event "MPJBiS 2020"]
[Site "?"]
[Date "2020.08.28"]
[Round "3.8"]
[White "Bartnik, Michal"]
[Black "Borowik, Wojciech"]
[Result "1/2-1/2"]
[BlackElo "1528"]
[WhiteElo "1320"]
[LiveChessVersion "1.4.8"]

1. d4 {[%clk 0:15:19]} Nf6 {[%clk 0:15:17]} 2. c4 {[%clk 0:15:28]} g6
{[%clk 0:15:25]} 3. Nc3 {[%clk 0:15:36]} Bg7 {[%clk 0:15:30]} 4. e4
{[%clk 0:15:45]} d6 {[%clk 0:15:32]} 5. Be2 {[%clk 0:15:50]} O-O {[%clk 0:15:37]}
6. Nf3 {[%clk 0:15:58]} Nbd7 {[%clk 0:15:38]} 7. O-O {[%clk 0:16:02]} e5
{[%clk 0:15:45]} 8. d5 {[%clk 0:15:57]} Nc5 {[%clk 0:15:12]} 9. Nd2
{[%clk 0:15:24]} a5 {[%clk 0:15:01]} 10. f3 {[%clk 0:14:44]} Ne8 {[%clk 0:14:59]}
11. Nb3 {[%clk 0:14:25]} Nxb3 {[%clk 0:14:58]} 12. Qxb3 {[%clk 0:14:24]} f5
{[%clk 0:15:05]} 13. Be3 {[%clk 0:14:15]} f4 {[%clk 0:14:54]} 14. Bf2
{[%clk 0:14:21]} b6 {[%clk 0:14:52]} 15. Qc2 {[%clk 0:13:56]} Bd7
{[%clk 0:14:48]} 16. a3 {[%clk 0:13:51]} a4 {[%clk 0:14:25]} 17. Bd1
{[%clk 0:13:50]} g5 {[%clk 0:14:26]} 18. b3 {[%clk 0:11:56]} axb3
{[%clk 0:14:22]} 19. Qxb3 h5 {[%clk 0:14:26]} 20. Be1 {[%clk 0:10:38]} g4
{[%clk 0:14:16]} 21. Qb2 {[%clk 0:10:06]} Qg5 {[%clk 0:13:12]} 22. Qf2
{[%clk 0:09:40]} Bf6 {[%clk 0:12:57]} 23. fxg4 {[%clk 0:06:41]} hxg4
{[%clk 0:13:04]} 24. g3 {[%clk 0:06:45]} Bg7 {[%clk 0:08:08]} 25. Bd2
{[%clk 0:05:50]} Bh6 {[%clk 0:07:59]} 26. Ra2 {[%clk 0:05:40]} Qh5
{[%clk 0:07:09]} 27. Qg2 {[%clk 0:04:18]} f3 {[%clk 0:05:54]} 28. Qf2
{[%clk 0:04:24]} Bxd2 {[%clk 0:05:55]} 29. Qxd2 {[%clk 0:04:22]} Rf7
{[%clk 0:04:23]} 30. Rf2 {[%clk 0:04:26]} Kh7 {[%clk 0:02:54]} 31. Nb1
{[%clk 0:04:23]} Kg6 {[%clk 0:02:38]} 32. Nc3 {[%clk 0:04:31]} Qh3
{[%clk 0:02:30]} 33. Qe1 {[%clk 0:04:15]} Ng7 {[%clk 0:02:09]} 34. Bc2
{[%clk 0:04:15]} Rh8 {[%clk 0:01:38]} 35. Bd3 {[%clk 0:04:20]} Ne8
{[%clk 0:01:07]} 36. Bf1 {[%clk 0:04:27]} Qh5 {[%clk 0:01:15]} 37. Qd2
{[%clk 0:04:20]} Nf6 {[%clk 0:00:46]} 38. Qe1 {[%clk 0:04:23]} Nh7
{[%clk 0:00:43]} 39. Rab2 {[%clk 0:03:28]} Nf6 {[%clk 0:00:45]} 40. Ra2
{[%clk 0:03:31]} Qh7 {[%clk 0:00:52]} 41. Rab2 {[%clk 0:03:19]} Nh5
{[%clk 0:01:00]} 42. Rfd2 {[%clk 0:03:02]} Rhf8 {[%clk 0:00:56]} 43. Qf2
{[%clk 0:02:58]} Rh8 1/2-1/2

[Event "MPJBiS 2020"]
[Site "?"]
[Date "2020.08.28"]
[Round "3.9"]
[White "Duda, Leon"]
[Black "Ptaszynski, Szymon"]
[Result "1-0"]
[BlackElo "1468"]
[WhiteElo "1280"]
[LiveChessVersion "1.4.8"]

1. e4 {[%clk 0:15:19]} c5 2. Nf3 e6 {[%clk 0:15:15]} 3. d4 {[%clk 0:15:23]} cxd4
{[%clk 0:15:22]} 4. Nxd4 {[%clk 0:15:30]} a6 {[%clk 0:15:30]} 5. Nc3
{[%clk 0:15:32]} Qc7 {[%clk 0:15:34]} 6. Be3 {[%clk 0:15:35]} Nf6
{[%clk 0:15:40]} 7. Be2 {[%clk 0:14:55]} Be7 {[%clk 0:15:45]} 8. O-O
{[%clk 0:15:01]} d6 {[%clk 0:15:53]} 9. a3 {[%clk 0:14:51]} Nbd7 {[%clk 0:15:42]}
10. Rc1 {[%clk 0:14:45]} b5 {[%clk 0:15:46]} 11. f3 {[%clk 0:13:26]} Bb7
{[%clk 0:14:51]} 12. Nb1 {[%clk 0:13:11]} Ne5 {[%clk 0:14:28]} 13. Nd2
{[%clk 0:13:10]} Nc4 {[%clk 0:14:07]} 14. Nxc4 {[%clk 0:12:46]} bxc4
{[%clk 0:14:14]} 15. b3 {[%clk 0:12:44]} c3 {[%clk 0:14:08]} 16. b4
{[%clk 0:12:32]} O-O {[%clk 0:14:02]} 17. Kh1 {[%clk 0:11:55]} d5
{[%clk 0:13:39]} 18. exd5 {[%clk 0:11:11]} Nxd5 {[%clk 0:13:46]} 19. Bf2
{[%clk 0:11:20]} Rfd8 {[%clk 0:13:35]} 20. Bd3 {[%clk 0:10:26]} Bg5
{[%clk 0:12:58]} 21. Rb1 {[%clk 0:10:06]} Be3 {[%clk 0:11:31]} 22. Nb3
{[%clk 0:09:51]} Bxf2 {[%clk 0:09:53]} 23. Rxf2 {[%clk 0:09:59]} Nf4
{[%clk 0:10:02]} 24. Nc5 {[%clk 0:09:31]} Bc6 {[%clk 0:09:00]} 25. Qf1
{[%clk 0:09:13]} Nxd3 {[%clk 0:08:56]} 26. cxd3 {[%clk 0:07:30]} Qe5
{[%clk 0:08:39]} 27. Re2 {[%clk 0:06:03]} Qf5 {[%clk 0:08:01]} 28. a4
{[%clk 0:04:32]} Rd4 {[%clk 0:05:46]} 29. Rc2 {[%clk 0:03:41]} Qe5
{[%clk 0:04:51]} 30. Ne4 {[%clk 0:02:45]} Bxe4 {[%clk 0:04:38]} 31. fxe4
{[%clk 0:02:13]} h6 {[%clk 0:02:28]} 32. Rb3 {[%clk 0:01:45]} Rad8
{[%clk 0:02:10]} 33. Rbxc3 {[%clk 0:00:19]} Rxb4 {[%clk 0:02:08]} 34. Rc4
{[%clk 0:00:24]} Rxc4 {[%clk 0:02:04]} 35. Rxc4 {[%clk 0:00:28]} Qd6
{[%clk 0:02:02]} 36. d4 {[%clk 0:00:16]} Qb6 {[%clk 0:02:08]} 37. Qd3
{[%clk 0:00:14]} Qd6 {[%clk 0:01:07]} 38. h3 {[%clk 0:00:23]} g6 {[%clk 0:00:59]}
39. e5 {[%clk 0:00:31]} Qd5 {[%clk 0:01:04]} 40. Kh2 {[%clk 0:00:34]} Qxe5+
{[%clk 0:01:09]} 41. dxe5 {[%clk 0:00:36]} Rxd3 {[%clk 0:01:16]} 42. Rc6
{[%clk 0:00:38]} a5 {[%clk 0:01:20]} 43. Rc5 {[%clk 0:00:23]} Rd5
{[%clk 0:01:00]} 44. Rb5 {[%clk 0:00:29]} Kf8 {[%clk 0:00:36]} 45. Rb8+
{[%clk 0:00:27]} Ke7 {[%clk 0:00:45]} 46. Rb7+ {[%clk 0:00:36]} Rd7
{[%clk 0:00:51]} 47. Rb5 {[%clk 0:00:44]} Rd5 {[%clk 0:00:59]} 48. Rb7+
{[%clk 0:00:53]} Ke8 {[%clk 0:01:06]} 49. Rb8+ {[%clk 0:01:01]} Ke7
{[%clk 0:01:14]} 50. Rb7+ {[%clk 0:01:04]} Kf8 {[%clk 0:01:12]} 51. Rb8+
{[%clk 0:01:09]} Kg7 {[%clk 0:01:19]} 52. Rb5 {[%clk 0:01:16]} g5
{[%clk 0:01:21]} 53. Kg3 {[%clk 0:01:18]} Kg6 {[%clk 0:01:30]} 54. Kf3
{[%clk 0:01:19]} Kf5 {[%clk 0:01:38]} 55. Rb7 {[%clk 0:01:23]} Kxe5
{[%clk 0:01:28]} 56. Rxf7 {[%clk 0:01:29]} Rd4 {[%clk 0:01:37]} 57. Rh7
{[%clk 0:01:32]} Rxa4 {[%clk 0:01:45]} 58. Rxh6 {[%clk 0:01:40]} Ra3+
{[%clk 0:01:52]} 59. Kg4 {[%clk 0:01:36]} Ra2 {[%clk 0:01:57]} 60. g3
{[%clk 0:01:41]} Ra3 {[%clk 0:01:36]} 61. Rg6 {[%clk 0:01:25]} Ra4+
{[%clk 0:01:37]} 62. Kxg5 {[%clk 0:01:27]} Ra3 {[%clk 0:01:46]} 63. Kh4
{[%clk 0:01:14]} Kf5 {[%clk 0:01:41]} 64. Rg8 {[%clk 0:01:01]} Ra4+
{[%clk 0:01:38]} 65. g4+ {[%clk 0:01:00]} Kf6 {[%clk 0:01:45]} 66. Kh5
{[%clk 0:01:02]} Ra3 {[%clk 0:01:36]} 67. h4 {[%clk 0:01:02]} Rd3
{[%clk 0:01:09]} 68. Ra8 {[%clk 0:00:56]} Rd5+ {[%clk 0:01:05]} 69. g5+
{[%clk 0:01:05]} Kg7 {[%clk 0:01:13]} 70. Ra7+ {[%clk 0:01:12]} Kf8
{[%clk 0:01:05]} 71. Kh6 {[%clk 0:01:10]} Rd4 {[%clk 0:00:55]} 72. h5
{[%clk 0:01:16]} Rd8 {[%clk 0:00:38]} 73. g6 {[%clk 0:01:10]} e5 {[%clk 0:00:43]}
74. Rxa5 {[%clk 0:01:19]} Re8 {[%clk 0:00:52]} 75. Ra7 {[%clk 0:01:12]} Kg8
{[%clk 0:00:55]} 76. Ra1 {[%clk 0:00:32]} e4 {[%clk 0:00:50]} 77. Kg5
{[%clk 0:00:39]} e3 {[%clk 0:00:49]} 78. h6 {[%clk 0:00:43]} Rc8 {[%clk 0:00:37]}
79. h7+ {[%clk 0:00:23]} Kh8 {[%clk 0:00:37]} 80. Kh6 {[%clk 0:00:27]} 1-0

[Event "MPJBiS 2020"]
[Site "?"]
[Date "2020.08.28"]
[Round "3.10"]
[White "Ugorek, Kacper"]
[Black "Nawalaniec, Adam"]
[Result "1-0"]
[BlackElo "1458"]
[WhiteElo "1266"]
[LiveChessVersion "1.4.8"]

1. e4 {[%clk 0:15:19]} Nc6 {[%clk 0:15:19]} 2. Nc3 {[%clk 0:15:20]} e6
{[%clk 0:15:27]} 3. d4 {[%clk 0:15:18]} d5 {[%clk 0:15:25]} 4. Nf3
{[%clk 0:15:23]} Bb4 {[%clk 0:15:31]} 5. exd5 {[%clk 0:14:42]} exd5
{[%clk 0:15:31]} 6. Bd2 {[%clk 0:14:07]} Bg4 {[%clk 0:15:35]} 7. Bb5
{[%clk 0:13:36]} Nf6 {[%clk 0:14:37]} 8. h3 {[%clk 0:13:22]} Bh5 {[%clk 0:14:36]}
9. Qe2+ {[%clk 0:12:37]} Be7 {[%clk 0:13:55]} 10. g4 {[%clk 0:11:46]} Bg6
{[%clk 0:13:50]} 11. Ne5 {[%clk 0:11:55]} Ne4 {[%clk 0:10:45]} 12. Nxc6
{[%clk 0:11:34]} bxc6 {[%clk 0:10:45]} 13. Bxc6+ {[%clk 0:11:43]} Kf8
{[%clk 0:10:54]} 14. Bxa8 {[%clk 0:11:43]} Qxa8 {[%clk 0:11:03]} 15. Nxe4
{[%clk 0:11:42]} Bxe4 {[%clk 0:10:47]} 16. f3 {[%clk 0:11:51]} Bg6
{[%clk 0:10:31]} 17. O-O-O {[%clk 0:11:31]} Qc6 {[%clk 0:10:38]} 18. Bc3
{[%clk 0:11:32]} f6 {[%clk 0:10:27]} 19. Rde1 {[%clk 0:11:31]} Bd6
{[%clk 0:09:27]} 20. Kb1 {[%clk 0:11:15]} h6 {[%clk 0:09:18]} 21. Qe6
{[%clk 0:11:17]} Be8 {[%clk 0:08:17]} 22. Re2 {[%clk 0:10:55]} Bd7
{[%clk 0:08:25]} 23. Qe3 {[%clk 0:11:02]} Kf7 {[%clk 0:08:34]} 24. Rhe1
{[%clk 0:11:05]} Re8 {[%clk 0:08:13]} 25. Qd2 {[%clk 0:11:11]} Rb8
{[%clk 0:08:21]} 26. h4 {[%clk 0:09:12]} Bg3 {[%clk 0:08:29]} 27. Rh1
{[%clk 0:08:12]} Qd6 {[%clk 0:07:28]} 28. g5 {[%clk 0:07:56]} hxg5
{[%clk 0:07:31]} 29. hxg5 {[%clk 0:07:37]} Bf4 {[%clk 0:07:40]} 30. Qe1
{[%clk 0:07:30]} fxg5 {[%clk 0:07:33]} 31. Bd2 {[%clk 0:05:42]} Bf5
{[%clk 0:05:09]} 32. Bxf4 {[%clk 0:04:40]} gxf4 {[%clk 0:04:53]} 33. Re5
{[%clk 0:04:05]} Qf6 {[%clk 0:04:19]} 34. Qa5 {[%clk 0:03:22]} Rd8
{[%clk 0:03:15]} 35. Qxc7+ {[%clk 0:03:15]} Rd7 {[%clk 0:03:24]} 36. Qc5
{[%clk 0:03:18]} Be6 {[%clk 0:02:20]} 37. Rhe1 {[%clk 0:03:18]} Re7
{[%clk 0:02:05]} 38. Qd6 {[%clk 0:03:05]} g5 {[%clk 0:01:52]} 39. Rg1
{[%clk 0:02:23]} Rd7 {[%clk 0:01:47]} 40. Qa6 {[%clk 0:01:42]} Bf5
{[%clk 0:01:37]} 41. Qxf6+ {[%clk 0:01:49]} Kxf6 {[%clk 0:01:46]} 42. Kc1
{[%clk 0:01:41]} g4 {[%clk 0:01:31]} 43. fxg4 {[%clk 0:01:45]} Be4
{[%clk 0:01:40]} 44. Rf1 {[%clk 0:01:36]} f3 {[%clk 0:01:49]} 45. c3
{[%clk 0:01:42]} Rg7 {[%clk 0:01:54]} 46. Rg1 {[%clk 0:01:00]} Bd3
{[%clk 0:01:59]} 47. Re3 {[%clk 0:00:53]} Be2 {[%clk 0:01:35]} 48. Kd2
{[%clk 0:01:01]} f2 {[%clk 0:01:38]} 49. Rh1 {[%clk 0:00:45]} Bxg4
{[%clk 0:01:44]} 50. Rf1 {[%clk 0:00:39]} Rb7 {[%clk 0:01:23]} 51. Rxf2+
{[%clk 0:00:47]} Bf5 {[%clk 0:01:24]} 52. b3 {[%clk 0:00:56]} Kg6 53. Rg3+ Kf6
{[%clk 0:01:30]} 54. Rgf3 {[%clk 0:01:04]} 1-0